000 00310nam a22001337a 4500
008 171106b xxu||||| |||| 00| 0 eng d
020 _a9780070054141
041 _aeng
080 _23RD
_a330.722.6
100 _a62
101 _aKON
245 _aADVANCED FINANCIAL ACCOUNTING
_cBAKER,R.E
942 _2udc
_cBK
999 _c37909
_d37909